00625nam a2200217Ia 4500003000900000008004100009040001300050040001300063041000800076100002000084245003600104250001200140260001400152260000900166300001100175300001000186490000600196942000700202999001700209952018100226IT-RoPAU120407s9999 xx 000 0 und d aIT-RoPAU cIT-RoPAU aita aJacques Dournes aLa Missione contro le missioni. aMilano  aJaca Book c1967 a253 p. c21 cm v1 cBK c30465d30465 00102ddc406204_83000000000000071aPAULUSbPAULUSd2012-04-11l0o204.83r2012-04-11 00:00:00w2012-04-11yBKzInserito da: In data: n.d. fondo: Via A.Severo 56 Progr:20308